00000000nam##2200000za#4500
0019.614706
003CaOODSP
00520200327182548
007ta
008150406|1998||||xxc|||||     f|0| 0 eng|d
020 |a0-662-27525-X
040 |aCaOODSP|beng
043 |an-cn---
0861 |aMP32-28/98-7E
1101 |aCanada.|bHuman Resources Development Canada. |bApplied Research Branch.
24510|aVariations in child development outcomes among children living in lone-parent families / |cby David P. Ross, Paul A. Roberts and Katherine Scott.
260 |aOttawa - Ontario : |bHuman Resources Development Canada. |c1998.
300 |avii, 41p. : |bgraphs, references, tables ; |c28 cm.
4901 |aWorking paper|vW-98-7E
500 |a"This paper uses data from the National Longitudinal Survey of Children and Youth (NLSCY) to document where differences exist across a very broad range of developmental outcome variables between children living in lone-parent families and a comparison group consisting of all children."--Executive summary.
5203 |aThis paper uses data from the National Longitudinal Survey of Children and Youth (NLSCY) to document where differences exist across a very broad range of developmental outcome variables between children living in lone-parent families and a comparison group consisting of all children.--Executive summary
563 |aSoftcover
590 |a99-07|b1999-02-19
69007|aChildren|2gcpds
69007|aSingle parent families|2gcpds
69007|aSocial policy|2gcpds
7201 |aRoss, David P
7201 |aScott, Katherine
7201 |aRoberts, Paul A.
77508|tVariation des résultats développementaux chez les enfants des familles monoparantales / |w(CaOODSP)9.625221
830#0|aWorking paper ;|vW-98-7E|w(CaOODSP)9.514795
986 |aW-98-7E